000 00633nam a22001697a 4500
999 _c12452
_d12452
008 190125b ||||| |||| 00| 0 eng d
082 _22018
_aUT 1141
_bA45
100 _aAlquizola, Aljean Mae
_935101
245 _aEstilo ng pagtuturo ng mga Guro at ang aktibong motibasyon ng mga mag-aaral /
_cAljean Mae Alquizola, Jethro A. Lopez, and Rose M. Yap
260 _aDigos City:
_bUMDC
_cOctober 2018.
300 _a87 pages;
_c30 cm.
650 _aEducation
_vFilipino
_xUndergraduate thesis.
_935102
700 _aAlquizola, Aljean Mae
_935101
700 _aLopez, Jethro A.
_935103
700 _aYap, Rose M.
_935104
942 _2ddc
_cUT